Instant vitality
| Main Author: | |
|---|---|
| Format: | Book |
| Published: |
Melbourne :
Anne O'Donovan Pty Ltd ,
1995
|
| Subjects: |
MARC
| LEADER | 00000cam a2200000 7i4500 | ||
|---|---|---|---|
| 001 | 0000008521 | ||
| 002 | 000009287 | ||
| 005 | 20000330.0 | ||
| 020 | |a 0908476760 | ||
| 090 | 0 | 0 | |a 613.563 |b FLI |
| 100 | 1 | |a Flintoff-King, Debbie | |
| 245 | 1 | 0 | |a Instant vitality |c Debbie Flintoff-King |
| 260 | |a Melbourne : |b Anne O'Donovan Pty Ltd , |c 1995 | ||
| 300 | |a 180p. : |b ill. ; |c 26cm. | ||
| 650 | 0 | 0 | |a Physical fitness |
| 650 | 0 | 0 | |a Weight loss |
| 999 | |a 049158 |b BUKU |c PINJAMAN |e PERPUSTAKAAN KOMUNITI PETALING JAYA | ||